Lelaki, perempuan : 77 tingkah bermasalah

Bibliographic Details
Main Author: Rahman Shaari
Format: Book
Published: Selangor : Pekan Ilmu Pub. Sdn Bhd , 2011
Subjects:

MARC

LEADER 00000cam a2200000 7i4500
001 0000038503
005 20131114.0
008 131114
020 |a 9675841095 
090 0 0 |a 155.34   |b RAH 
100 0 |a Rahman Shaari 
245 1 0 |a Lelaki, perempuan :   |b 77 tingkah bermasalah   |c Rahman Shaari 
260 |a Selangor :   |b Pekan Ilmu Pub. Sdn Bhd ,   |c 2011 
650 0 |a Community psychology 
650 0 |a Psychology development 
650 0 |a Social problems 
999 |a 0001249327   |b Book   |c Adult Collection   |e Perbadanan Perpustakaan Awam Johor